| 000 | 01296nam a2200349 i 4500 | ||
|---|---|---|---|
| 001 | 196023 | ||
| 003 | ItRI | ||
| 005 | 20250801093359.0 | ||
| 008 | 240809s2022 it |||||| ||||| |||||c | ||
| 015 |
_2IT _a2023-7174 |
||
| 020 |
_a9788833154466 _qPapel |
||
| 020 |
_a9788833154473 _qDigital |
||
| 035 | _aIT\ICCU\CFI\1104884 | ||
| 040 |
_bita _cES-MaACL |
||
| 041 | 7 | _2ISO-639-2 | |
| 082 |
_a860.9005 _223 |
||
| 100 | 0 |
_aBusquets, Loreto _0IT\ICCU\CFIV\023018 _932841 _eaut |
|
| 240 | 1 | 0 |
_aDe estética y poéticas en España _9Busquets, Loreto |
| 245 | 1 | 0 |
_aDe estética y poéticas en España : _b(1830-1930) / _cLoreto Busquets. |
| 260 |
_aPisa ; _aRoma : _bSerra, _c2022. |
||
| 300 |
_a265 p. : _c25 cm. |
||
| 336 |
_2rdacontent _atexto |
||
| 337 |
_2rdamedia _asin mediación |
||
| 338 |
_2rdacarrier _avolumen |
||
| 650 | 0 |
_aLiteratura española- _xEstética _9238010 |
|
| 830 | 0 |
_aCollana di testi e studi ispanici. 2, Saggi ; _v13 _0IT\ICCU\CFI\0045754 _9238011 |
|
| 852 |
_aES-MaACL _bR.153620 _cDEPOJ _jN-9151 _hDonación: Editorial _xEncuadernación rústica con solapas _9205047 |
||
| 942 |
_cMONOGRAFIA _n0 |
||
| 999 |
_c196023 _d196023 |
||